Statistics for General Knowledge Quiz #168

Click here to take the quiz!

General Stats

  • This quiz has been taken 40,409 times
  • The average score is 12 of 20

Answer Stats

QuestionAnswer% Correct
What is the opposite of dusk?Dawn
86%
What e-reading device is manufactured by Amazon?Amazon Kindle
81%
What fruit is similar to a plantain?Banana
79%
What country is sometimes called "Chinese Taipei"?Taiwan
78%
Complete the phrase: ashes to ashes, ____ to ____Dust
77%
What is the common name of the body part where the humerus
meets the radius and the ulna?
Elbow
74%
What are the two most populous cities that border the Great Lakes?Chicago
70%
What is the term for an area of space that has absolutely nothing inside it?Vacuum
65%
What type of tea, flavored with citrus, is named after an English lord?Earl Grey
64%
What word is a homophone of locks?Lox or Lochs
58%
What object is being used by a person who is "tickling the ivories"?Piano
57%
What are the two most populous cities that border the Great Lakes?Toronto
54%
What country has the highest number of HIV-positive people?South Africa
51%
What island was divided by Hadrian's Wall?Great Britain
49%
What Biblical character is most like Hercules?Samson
48%
What spherical object is made by Dunlop, Penn, Wilson, and Prince?Tennis Balls
46%
What are the two most important Jewish holidays? (Name either)Rosh Hashanah and
Yom Kippur
41%
What South Pacific island was discovered by Europeans on Sunday, April 5, 1722?Easter Island
38%
What element was discovered by Marie Curie and named after her birth country?Polonium
37%
Besides the U.S., what country had the most Italian immigrants between 1850-1950?Argentina
28%

Score Distribution

Percentile by Number Answered

Percent of People with Each Score

Your Score History

You have not taken this quiz